[Event "Ayvalik Walnut"]
[Site "Ayvalik"]
[Date "2023.09.13"]
[Round "4.3"]
[White "Rasulov, Vugar Ural Oglu"]
[Black "Blesic, Vaso"]
[Result "1-0"]
[WhiteElo "2538"]
[BlackElo "2264"]
[PlyCount "63"]
[EventDate "2023.09.11"]
[EventType "schev"]
[EventRounds "9"]
[EventCountry "TUR"]
[SourceTitle "EXT 2024"]
[Source "ChessBase"]
[SourceDate "2023.10.10"]
[SourceVersion "1"]
[SourceVersionDate "2023.10.10"]
[SourceQuality "1"]
[WhiteTeam "Team B"]
[BlackTeam "Team C"]
[WhiteTeamCountry "TUR"]
[BlackTeamCountry "TUR"]

1. c4 c6 2. Nc3 d5 3. d4 e6 4. Nf3 Nf6 5. g3 Nbd7 6. Bg2 Be7 7. 0-0 0-0 8. Qd3 b6 9. e4 Ba6 10. b3 c5 11. exd5 exd5 12. Re1 Re8 13. Bf4 dxc4 14. bxc4 cxd4 15. Nxd4 Nc5 16. Qd1 Bb7 17. Ncb5 Bxg2 18. Kxg2 Bf8 19. Qf3 a6 20. Nc7 Rxe1 21. Rxe1 Rc8 22. Nd5 Nce4 23. Rxe4 Nxe4 24. Qxe4 Rxc4 25. Be3 Bc5 26. Qe5 Bd6 27. Qf5 Bc5 28. Nc6 Qe8 29. Ne5 Ra4 30. Nd7 Qe6 31. Qf3 Bxe3 32. Ne7+ 1-0

[Event "Ayvalik Walnut"]
[Site "Ayvalik"]
[Date "2023.09.12"]
[Round "2.4"]
[White "Eren, Ataberk"]
[Black "Blesic, Vaso"]
[Result "1-0"]
[WhiteElo "2330"]
[BlackElo "2264"]
[PlyCount "95"]
[EventDate "2023.09.11"]
[EventType "schev"]
[EventRounds "9"]
[EventCountry "TUR"]
[SourceTitle "EXT 2024"]
[Source "ChessBase"]
[SourceDate "2023.10.10"]
[SourceVersion "1"]
[SourceVersionDate "2023.10.10"]
[SourceQuality "1"]
[WhiteTeam "Team A"]
[BlackTeam "Team C"]
[WhiteTeamCountry "TUR"]
[BlackTeamCountry "TUR"]

1. e4 c5 2. Nf3 Nc6 3. Bb5 d6 4. Bxc6+ bxc6 5. e5 Bg4 6. h3 Bh5 7. Nc3 dxe5 8. g4 Bg6 9. Nxe5 Qd6 10. Nxg6 hxg6 11. d3 Nf6 12. Qf3 c4 13. dxc4 Qe6+ 14. Be3 Qxc4 15. 0-0-0 e6 16. Rd4 Qa6 17. Ra4 Qb7 18. Bd4 Be7 19. Rc4 Rc8 20. h4 Nd5 21. Nxd5 cxd5 22. Rxc8+ Qxc8 23. h5 gxh5 24. gxh5 Kf8 25. Kb1 Qc7 26. Qe3 Rh6 27. Be5 Qd8 28. Qxa7 f6 29. Bc3 Qe8 30. a4 Rxh5 31. Rxh5 Qxh5 32. a5 Qd1+ 33. Ka2 Qxc2 34. Qd7 Qd3 35. Qxe6 Qc4+ 36. Kb1 Qd3+ 37. Ka2 Qc4+ 38. Kb1 Qd3+ 39. Kc1 d4 40. Bd2 Qb5 41. b3 Ba3+ 42. Kc2 d3+ 43. Kb1 Qh5 44. Ka2 Bc5 45. Qc8+ Ke7 46. a6 Qd5 47. Qc7+ Ke6 48. a7 1-0

[Event "Balikesir Krizantem Gp"]
[Site "Balikesir"]
[Date "2022.12.20"]
[Round "9.3"]
[White "Tinmaz, Kerem"]
[Black "Blesic, Vaso"]
[Result "1-0"]
[WhiteElo "2253"]
[BlackElo "2262"]
[PlyCount "63"]
[EventDate "2022.12.15"]
[EventType "team-schev"]
[EventRounds "9"]
[EventCountry "TUR"]
[SourceTitle "CBM 212 Extra"]
[Source "ChessBase"]
[SourceDate "2023.03.31"]
[SourceVersion "1"]
[SourceVersionDate "2023.03.31"]
[SourceQuality "1"]
[WhiteTeam "Team C"]
[BlackTeam "Team B"]
[WhiteTeamCountry "TUR"]
[BlackTeamCountry "TUR"]

1. e4 c5 2. c4 Nc6 3. Nc3 g6 4. g3 Bg7 5. Bg2 Nf6 6. Nge2 d6 7. 0-0 0-0 8. d3 Rb8 9. h3 a6 10. a4 b6 11. Be3 Bb7 12. Qd2 e6 13. f4 d5 14. exd5 Na5 15. Rad1 exd5 16. cxd5 Nxd5 17. Nxd5 Bxd5 18. Nc3 Nb3 19. Qf2 Bxg2 20. Kxg2 Nd4 21. Bxd4 Bxd4 22. Qf3 Qd7 23. f5 f6 24. Rde1 Be5 25. g4 Rbd8 26. Re3 Kg7 27. h4 gxf5 28. Qxf5 Qxf5 29. Rxf5 Rfe8 30. g5 Kg6 31. Ref3 Rxd3 32. h5+ 1-0

[Event "Balikesir Krizantem Gp"]
[Site "Balikesir"]
[Date "2022.12.16"]
[Round "3.1"]
[White "Citak, Selim"]
[Black "Blesic, Vaso"]
[Result "1/2-1/2"]
[WhiteElo "2272"]
[BlackElo "2262"]
[PlyCount "61"]
[EventDate "2022.12.15"]
[EventType "team-schev"]
[EventRounds "9"]
[EventCountry "TUR"]
[SourceTitle "CBM 212 Extra"]
[Source "ChessBase"]
[SourceDate "2023.03.31"]
[SourceVersion "1"]
[SourceVersionDate "2023.03.31"]
[SourceQuality "1"]
[WhiteTeam "Team C"]
[BlackTeam "Team B"]
[WhiteTeamCountry "TUR"]
[BlackTeamCountry "TUR"]

1. d4 Nf6 2. c4 e6 3. Nc3 Bb4 4. g3 0-0 5. Bg2 d5 6. Nf3 dxc4 7. 0-0 Nbd7 8. Ne5 Nb6 9. e4 c5 10. dxc5 Qxd1 11. Rxd1 Bxc5 12. Bf4 Nh5 13. Bd2 f6 14. Ng4 e5 15. Ne3 Be6 16. Ncd5 Rac8 17. Rac1 Kf7 18. Bf1 Rfd8 19. Nxb6 Bxb6 20. Nxc4 Bc5 21. Kg2 g6 22. Be3 Bxe3 23. Rxd8 Rxd8 24. Nxe3 Ng7 25. Rc7+ Rd7 26. Rxd7+ Bxd7 27. Bc4+ Be6 28. Kf3 Ne8 29. Ke2 Nd6 30. Bxe6+ Kxe6 31. Kd3 1/2-1/2

[Event "Balikesir Krizantem Gp"]
[Site "Balikesir"]
[Date "2022.12.15"]
[Round "1.1"]
[White "Gunduz, Umut Erdem"]
[Black "Blesic, Vaso"]
[Result "1-0"]
[WhiteElo "2245"]
[BlackElo "2262"]
[PlyCount "43"]
[EventDate "2022.12.15"]
[EventType "team-schev"]
[EventRounds "9"]
[EventCountry "TUR"]
[SourceTitle "CBM 212 Extra"]
[Source "ChessBase"]
[SourceDate "2023.03.31"]
[SourceVersion "1"]
[SourceVersionDate "2023.03.31"]
[SourceQuality "1"]
[WhiteTeam "Team A"]
[BlackTeam "Team B"]
[WhiteTeamCountry "TUR"]
[BlackTeamCountry "TUR"]

1. e4 e5 2. Nf3 Nc6 3. Bc4 Bc5 4. c3 Nf6 5. d4 exd4 6. b4 Bb6 7. e5 d5 8. exf6 dxc4 9. Qe2+ Be6 10. b5 Na5 11. fxg7 Rg8 12. cxd4 Rxg7 13. Nc3 Qe7 14. 0-0 Rg4 15. Re1 0-0-0 16. d5 Rdg8 17. dxe6 Rxg2+ 18. Kh1 Rxf2 19. Nd5 Qd6 20. Nxb6+ Qxb6 21. exf7 Rd8 22. Be3 1-0

[Event "Balikesir Papatya Gp"]
[Site "Balikesir"]
[Date "2022.12.13"]
[Round "8.4"]
[White "Blesic, Vaso"]
[Black "Kuru, Atilla"]
[Result "1-0"]
[WhiteElo "2262"]
[BlackElo "1939"]
[PlyCount "93"]
[EventDate "2022.12.08"]
[EventType "team-schev"]
[EventRounds "9"]
[EventCountry "TUR"]
[SourceTitle "CBM 212 Extra"]
[Source "ChessBase"]
[SourceDate "2023.03.31"]
[SourceVersion "1"]
[SourceVersionDate "2023.03.31"]
[SourceQuality "1"]
[WhiteTeam "Team A"]
[BlackTeam "Team C"]
[WhiteTeamCountry "BUL"]
[BlackTeamCountry "TUR"]

1. Nf3 Nf6 2. c4 e6 3. d4 d5 4. Nc3 c6 5. e3 Nbd7 6. b3 Be7 7. Bd3 0-0 8. 0-0 b6 9. Bb2 Bb7 10. Qe2 c5 11. Rfd1 Re8 12. cxd5 exd5 13. Rac1 Bf8 14. dxc5 bxc5 15. Ba6 Qb6 16. Bxb7 Qxb7 17. Qb5 Nb6 18. Na4 Nfd7 19. Ba3 a6 20. Qa5 Nxa4 21. Qxa4 Re4 22. Qa5 Rc8 23. h3 h6 24. Rc2 Rc6 25. Rxd5 Rg6 26. Rcd2 Nf6 27. Rd8 Ne8 28. R2d7 Qc6 29. Qd2 Nf6 30. Rd6 Qb7 31. Bxc5 Re8 32. Rxf6 Rxd8 33. Qxd8 gxf6 34. Qxf8+ Kh7 35. Nh4 Rg8 36. Qd6 Rc8 37. b4 Rc6 38. Qd3+ Kh8 39. Qd8+ Kh7 40. Nf5 Rxc5 41. bxc5 Qb1+ 42. Kh2 Qxf5 43. c6 Qe5+ 44. f4 Qxe3 45. Qxf6 Qe8 46. Qf5+ Kg7 47. Qe5+ 1-0

[Event "Balikesir Papatya Gp"]
[Site "Balikesir"]
[Date "2022.12.08"]
[Round "1.3"]
[White "Blesic, Vaso"]
[Black "Eke, Salih"]
[Result "1/2-1/2"]
[WhiteElo "2262"]
[BlackElo "2192"]
[PlyCount "142"]
[EventDate "2022.12.08"]
[EventType "team-schev"]
[EventRounds "9"]
[EventCountry "TUR"]
[SourceTitle "CBM 212 Extra"]
[Source "ChessBase"]
[SourceDate "2023.03.31"]
[SourceVersion "1"]
[SourceVersionDate "2023.03.31"]
[SourceQuality "1"]
[WhiteTeam "Team A"]
[BlackTeam "Team B"]
[WhiteTeamCountry "BUL"]
[BlackTeamCountry "TUR"]

1. d4 d5 2. Nf3 Nf6 3. c4 e6 4. Nc3 Be7 5. Bf4 0-0 6. e3 c5 7. dxc5 Bxc5 8. a3 Nc6 9. cxd5 Nxd5 10. Nxd5 exd5 11. Bd3 Bb6 12. 0-0 d4 13. e4 Bg4 14. h3 Bh5 15. g4 Bg6 16. Rc1 Re8 17. Re1 Rc8 18. Qd2 Bc7 19. Rc5 Qe7 20. b4 Bxf4 21. Qxf4 a5 22. Bb5 axb4 23. axb4 Red8 24. h4 f6 25. h5 Bf7 26. Rec1 Re8 27. Nd2 h6 28. f3 Kh8 29. Kf2 Red8 30. Bxc6 Rxc6 31. Rxc6 bxc6 32. Rxc6 Kg8 33. b5 Qb4 34. Rb6 Qc5 35. Rb7 d3+ 36. Kg2 Ra8 37. Rb8+ Rxb8 38. Qxb8+ Kh7 39. Qf4 Qxb5 40. Kf2 Qc5+ 41. Qe3 Qd6 42. f4 Be6 43. Kf3 Qd7 44. f5 Bf7 45. Qc5 Qd8 46. Ke3 Qb8 47. e5 fxe5 48. Kxd3 Qd8+ 49. Ke2 Qg5 50. Qb4 Qh4 51. Qe4 Qh2+ 52. Kd3 Kh8 53. Nf3 Qg3 54. Ke2 Qg2+ 55. Ke3 Qg3 56. Kd3 Ba2 57. Ke3 Bf7 58. Kd2 Qg2+ 59. Kc3 Bg8 60. Kb4 Qb2+ 61. Kc5 Qa3+ 62. Kb5 Qb3+ 63. Kc5 Qa3+ 64. Kb5 Qb3+ 65. Kc6 Qa3 66. Kd7 Qa7+ 67. Kd6 Qb8+ 68. Kc5 Qf8+ 69. Kb5 Qb8+ 70. Kc5 Qf8+ 71. Kb5 Qb8+ 1/2-1/2

[Event "SRB-chT 1st League CS"]
[Site "Banja Vrujci"]
[Date "2022.10.03"]
[Round "3.6"]
[White "Blesic, Vaso"]
[Black "Micic, Aleksa"]
[Result "1/2-1/2"]
[WhiteElo "2254"]
[BlackElo "2258"]
[PlyCount "135"]
[EventDate "2022.10.01"]
[EventType "team-tourn"]
[EventRounds "11"]
[EventCountry "SRB"]
[SourceTitle "CBM 210 Extra"]
[Source "ChessBase"]
[SourceDate "2022.11.30"]
[SourceVersion "1"]
[SourceVersionDate "2022.11.30"]
[SourceQuality "1"]
[WhiteTeam "Krupanj"]
[BlackTeam "Kragujevac Radnicki"]
[WhiteTeamCountry "SRB"]
[BlackTeamCountry "SRB"]

1. d4 Nf6 2. c4 g6 3. Nc3 d5 4. Bf4 Bg7 5. e3 0-0 6. cxd5 Nxd5 7. Nxd5 Qxd5 8. Bxc7 Na6 9. Bxa6 Qxg2 10. Qf3 Qxf3 11. Nxf3 bxa6 12. Rc1 f6 13. Rg1 Bb7 14. Ke2 Rf7 15. Rc5 Rc8 16. Rgc1 e5 17. dxe5 fxe5 18. Ng5 Rf5 19. Ne6 Bf6 20. Ba5 Re8 21. Nc7 Rd8 22. e4 Bxe4 23. R5c3 Bg5 24. Ne6 Bxc1 25. Nxd8 Bxb2 26. Re3 Bd5 27. Bc3 Bc4+ 28. Ke1 Bxc3+ 29. Rxc3 Bxa2 30. Nc6 Kg7 31. Nb4 Bf7 32. Nxa6 Rh5 33. h3 Be6 34. Rc7+ Kf6 35. Nc5 Bxh3 36. Ne4+ Ke6 37. Rxa7 Bf5 38. Ra6+ Ke7 39. Ra7+ Kd8 40. Nd6 Bd3 41. Kd2 e4 42. Ke3 Rd5 43. Nxe4 Bxe4 44. Kxe4 Rd7 45. Ra8+ Ke7 46. f4 Ke6 47. Ra6+ Rd6 48. Ra7 h5 49. Kf3 Rb6 50. Ra5 Kf6 51. Kg3 Rb3+ 52. Kg2 Rc3 53. Rb5 h4 54. Rg5 h3+ 55. Kh2 Rf3 56. Ra5 Rxf4 57. Kxh3 Rf5 58. Ra4 Kg5 59. Kg3 Rb5 60. Ra3 Kh5 61. Rc3 g5 62. Ra3 Rb1 63. Ra4 Rb3+ 64. Kg2 g4 65. Ra8 Rh3 66. Rh8+ Kg6 67. Rxh3 gxh3+ 68. Kxh3 1/2-1/2

[Event "TUR-chT 2nd League"]
[Site "Konya"]
[Date "2022.08.27"]
[Round "8.9"]
[White "Darban Vaighani, Morteza"]
[Black "Blesic, Vaso"]
[Result "1/2-1/2"]
[WhiteElo "2345"]
[BlackElo "2250"]
[PlyCount "50"]
[EventDate "2022.08.22"]
[EventType "team-swiss"]
[EventRounds "9"]
[EventCountry "TUR"]
[SourceTitle "CBM 210 Extra"]
[Source "ChessBase"]
[SourceDate "2022.11.30"]
[SourceVersion "1"]
[SourceVersionDate "2022.11.30"]
[SourceQuality "1"]
[WhiteTeam "Mersin Altin Piyon"]
[BlackTeam "Cesme Belediye"]
[WhiteTeamCountry "TUR"]
[BlackTeamCountry "TUR"]

1. Nf3 c5 2. g3 g6 3. c4 Bg7 4. Bg2 Nc6 5. Nc3 e5 6. 0-0 Nge7 7. Rb1 0-0 8. Ne1 d6 9. Nc2 Be6 10. Ne3 Rb8 11. a3 a6 12. b4 cxb4 13. axb4 b5 14. cxb5 axb5 15. Ned5 Nxd5 16. Nxd5 Ne7 17. Nxe7+ Qxe7 18. d3 d5 19. Be3 d4 20. Bd2 Rfc8 21. Rc1 Qa7 22. Ra1 Qc7 23. Rc1 Qa7 24. Ra1 Qc7 25. Rc1 Qa7 1/2-1/2

[Event "TUR-chT 2nd League"]
[Site "Konya"]
[Date "2022.08.25"]
[Round "6.8"]
[White "Arman, Deniz"]
[Black "Blesic, Vaso"]
[Result "1/2-1/2"]
[WhiteElo "2298"]
[BlackElo "2250"]
[PlyCount "60"]
[EventDate "2022.08.22"]
[EventType "team-swiss"]
[EventRounds "9"]
[EventCountry "TUR"]
[SourceTitle "CBM 210 Extra"]
[Source "ChessBase"]
[SourceDate "2022.11.30"]
[SourceVersion "1"]
[SourceVersionDate "2022.11.30"]
[SourceQuality "1"]
[WhiteTeam "Istanbul Sisli"]
[BlackTeam "Cesme Belediye"]
[WhiteTeamCountry "TUR"]
[BlackTeamCountry "TUR"]

1. e4 e5 2. Nf3 Nc6 3. Bb5 Nf6 4. 0-0 Nxe4 5. d4 Nd6 6. Bxc6 dxc6 7. dxe5 Nf5 8. Qxd8+ Kxd8 9. h3 Be7 10. Nc3 Ke8 11. b3 Be6 12. Bb2 Rd8 13. Rad1 b6 14. Ne2 Bd5 15. Nfd4 Nxd4 16. Nxd4 Bc5 17. Nf5 Rg8 18. e6 fxe6 19. Nxg7+ Kf7 20. c4 Be4 21. Rfe1 Rxd1 22. Rxd1 Bd6 23. Re1 Bxg2 24. Kxg2 Bf8 25. Re4 Bxg7 26. Rf4+ Ke7 27. Rg4 Kf7 28. Rf4+ Ke7 29. Rg4 Kf7 30. Rf4+ Bf6+ 1/2-1/2

[Event "TUR-chT 2nd League"]
[Site "Konya"]
[Date "2022.08.25"]
[Round "5.4"]
[White "Blesic, Vaso"]
[Black "Stojanovic, Mihajlo"]
[Result "1/2-1/2"]
[WhiteElo "2250"]
[BlackElo "2504"]
[PlyCount "88"]
[EventDate "2022.08.22"]
[EventType "team-swiss"]
[EventRounds "9"]
[EventCountry "TUR"]
[SourceTitle "CBM 210 Extra"]
[Source "ChessBase"]
[SourceDate "2022.11.30"]
[SourceVersion "1"]
[SourceVersionDate "2022.11.30"]
[SourceQuality "1"]
[WhiteTeam "Cesme Belediye"]
[BlackTeam "Alacati Satranc"]
[WhiteTeamCountry "TUR"]
[BlackTeamCountry "TUR"]

1. e4 e6 2. d4 d5 3. Nc3 Nf6 4. Bg5 dxe4 5. Nxe4 Be7 6. Bxf6 Bxf6 7. Nf3 Bd7 8. Bd3 Bc6 9. c3 Nd7 10. Qe2 Qe7 11. Nxf6+ Qxf6 12. Be4 Bxe4 13. Qxe4 c6 14. 0-0 0-0 15. Rfe1 Rfd8 16. Ne5 Nxe5 17. Qxe5 Qxe5 18. Rxe5 Rd5 19. Rae1 g5 20. h4 gxh4 21. Kh2 Rad8 22. Kh3 c5 23. Rxd5 Rxd5 24. Re5 cxd4 25. Rxd5 exd5 26. cxd4 Kg7 27. Kxh4 Kg6 28. Kg4 f5+ 29. Kf4 Kf6 30. f3 h6 31. g4 fxg4 32. fxg4 Ke6 33. g5 h5 34. g6 Kf6 35. g7 Kxg7 36. Kg5 Kf7 37. Kxh5 Kf6 38. Kg4 Kg6 39. Kf4 Kf6 40. b4 b5 41. a3 a6 42. Kg4 Kg6 43. Kf4 Kf6 44. Kg4 Kg6 1/2-1/2

[Event "TUR-chT 2nd League"]
[Site "Konya"]
[Date "2022.08.22"]
[Round "1.5"]
[White "Blesic, Vaso"]
[Black "Mammadov, Sadig Teymur"]
[Result "1-0"]
[WhiteElo "2250"]
[BlackElo "2352"]
[PlyCount "113"]
[EventDate "2022.08.22"]
[EventType "team-swiss"]
[EventRounds "9"]
[EventCountry "TUR"]
[SourceTitle "CBM 210 Extra"]
[Source "ChessBase"]
[SourceDate "2022.11.30"]
[SourceVersion "1"]
[SourceVersionDate "2022.11.30"]
[SourceQuality "1"]
[WhiteTeam "Cesme Belediye"]
[BlackTeam "Sakarya Satranc"]
[WhiteTeamCountry "TUR"]
[BlackTeamCountry "TUR"]

1. e4 e6 2. d4 d5 3. Nc3 Bb4 4. e5 c5 5. a3 Bxc3+ 6. bxc3 Ne7 7. h4 Qa5 8. Bd2 Qa4 9. h5 h6 10. Qg4 Qxc2 11. Qxg7 Qe4+ 12. Ne2 Rh7 13. Qg3 Rh8 14. Rh4 Nf5 15. Rxe4 Nxg3 16. Rh4 Nxf1 17. Kxf1 Nc6 18. Rf4 b6 19. Rf6 Ba6 20. Be3 cxd4 21. cxd4 Ke7 22. Rd1 Rac8 23. Rxh6 Rhg8 24. g3 Na5 25. Ke1 Rc2 26. Rd2 Rcc8 27. Ra2 Bc4 28. Rc2 Nc6 29. Nf4 b5 30. Nh3 a5 31. Rf6 b4 32. axb4 Nxb4 33. Rc3 Rc7 34. Ng5 Ke8 35. f4 a4 36. Kd2 Ra7 37. f5 a3 38. fxe6 a2 39. exf7+ Rxf7 40. Ra3 Rc7 41. h6 Bd3 42. Rxa2 Nxa2 43. Kxd3 Nb4+ 44. Ke2 Rc2+ 45. Kf3 Rf8 46. h7 Rh2 47. Bg1 Rh6 48. Kg4 Rfxf6 49. exf6 Nc6 50. Be3 Nd8 51. f7+ Nxf7 52. Nxf7 Rxh7 53. Ng5 Re7 54. Bf4 Re1 55. Be5 Ke7 56. Nh3 Rf1 57. Nf4 1-0

[Event "Marmaris Karya 18th"]
[Site "Marmaris"]
[Date "2022.05.14"]
[Round "10"]
[White "Blesic, Vaso"]
[Black "Caglar, Sila"]
[Result "1-0"]
[WhiteElo "2264"]
[BlackElo "2133"]
[PlyCount "91"]
[EventDate "2022.05.10"]
[EventType "schev"]
[EventRounds "10"]
[EventCountry "TUR"]
[SourceTitle "CBM 208 Extra"]
[Source "ChessBase"]
[SourceDate "2022.07.31"]
[SourceVersion "1"]
[SourceVersionDate "2022.07.31"]
[SourceQuality "1"]
[WhiteTeam "White"]
[BlackTeam "Red Team"]
[WhiteTeamCountry "TUR"]
[BlackTeamCountry "TUR"]

1. d4 d5 2. c4 dxc4 3. Nf3 Nf6 4. e3 e6 5. Bxc4 a6 6. 0-0 b5 7. Be2 Bb7 8. a4 b4 9. a5 Be7 10. Nbd2 0-0 11. Nc4 Nbd7 12. Bd2 c5 13. Qa4 Rb8 14. Rfd1 Qc7 15. Rac1 Bc6 16. Qa2 Qb7 17. b3 Rfd8 18. Be1 cxd4 19. exd4 Be4 20. Ncd2 Bd5 21. Qc2 Bd6 22. Qd3 Ra8 23. Nc4 Bf4 24. Ne3 Be4 25. Qc4 Bd6 26. Nd2 Rdc8 27. Nxe4 Rxc4 28. Nxd6 Qb8 29. Ndxc4 g6 30. d5 exd5 31. Nxd5 Nxd5 32. Rxd5 Qe8 33. Bf3 Rb8 34. Bd2 Nf6 35. Re5 Qd7 36. Bg5 Kg7 37. Rce1 Qd3 38. R5e3 Qf5 39. Bh4 Rd8 40. h3 h5 41. Bg3 Nh7 42. Bd6 Qc2 43. Bxb4 Rb8 44. Bc3+ Kh6 45. Be4 Qa2 46. Ra1 1-0

[Event "Ayvalik Yunus Gp-A"]
[Site "Ayvalik"]
[Date "2022.05.03"]
[Round "6"]
[White "Biyiksiz, Ali Batuhan"]
[Black "Blesic, Vaso"]
[Result "0-1"]
[WhiteElo "1971"]
[BlackElo "2268"]
[PlyCount "84"]
[EventDate "2022.04.30"]
[EventType "team-schev"]
[EventRounds "9"]
[EventCountry "TUR"]
[SourceTitle "CBM 208 Extra"]
[Source "ChessBase"]
[SourceDate "2022.07.31"]
[SourceVersion "1"]
[SourceVersionDate "2022.07.31"]
[SourceQuality "1"]
[WhiteTeam "Team D"]
[BlackTeam "Team C"]
[WhiteTeamCountry "TUR"]
[BlackTeamCountry "TUR"]

1. d4 Nf6 2. c4 g6 3. Nc3 d5 4. cxd5 Nxd5 5. e4 Nxc3 6. bxc3 Bg7 7. Bc4 0-0 8. Ne2 b6 9. 0-0 Bb7 10. f3 Nc6 11. Be3 Na5 12. Bd3 c5 13. h4 e6 14. h5 Qd7 15. Qd2 Rfd8 16. Bg5 cxd4 17. Bxd8 dxc3 18. Qc2 Rxd8 19. Rad1 Qc7 20. hxg6 hxg6 21. f4 Nc6 22. a3 Nd4 23. Nxd4 Bxd4+ 24. Kh2 Qe7 25. g3 Qxa3 26. Ra1 Qe7 27. Rxa7 b5 28. Ra5 b4 29. Rd1 Bb6 30. Rb5 Bc5 31. e5 Kg7 32. Kh3 Bf3 33. g4 Bxd1 34. Qxd1 Qd7 35. Rxc5 Qxd3+ 36. Qxd3 Rxd3+ 37. Kh4 b3 38. f5 gxf5 39. gxf5 b2 40. Rb5 c2 41. Rxb2 c1Q 42. f6+ Kh7 0-1

[Event "Ayvalik Yunus Gp-A"]
[Site "Ayvalik"]
[Date "2022.05.01"]
[Round "2"]
[White "Blesic, Vaso"]
[Black "Ozsakallioglu, Okan"]
[Result "1-0"]
[WhiteElo "2268"]
[BlackElo "2270"]
[PlyCount "53"]
[EventDate "2022.04.30"]
[EventType "team-schev"]
[EventRounds "9"]
[EventCountry "TUR"]
[SourceTitle "CBM 208 Extra"]
[Source "ChessBase"]
[SourceDate "2022.07.31"]
[SourceVersion "1"]
[SourceVersionDate "2022.07.31"]
[SourceQuality "1"]
[WhiteTeam "Team C"]
[BlackTeam "Team A"]
[WhiteTeamCountry "TUR"]
[BlackTeamCountry "TUR"]

1. Nf3 d5 2. g3 Nf6 3. Bg2 c6 4. 0-0 Bg4 5. d3 e6 6. Nbd2 Be7 7. e4 a5 8. a4 Na6 9. h3 Bh5 10. Qe2 0-0 11. g4 Bg6 12. Ne5 dxe4 13. dxe4 Nd7 14. Nxg6 hxg6 15. e5 Qc7 16. Nc4 Nb6 17. Nxa5 Nb4 18. Nb3 Nxa4 19. c3 Nd5 20. Re1 Bh4 21. Qc2 c5 22. g5 c4 23. Nd4 Nc5 24. Rxa8 Rxa8 25. Bf1 Ra1 26. Nf3 Nf4 27. Bxf4 1-0

[Event "Ayvalik Liman GpA"]
[Site "Ayvalik"]
[Date "2022.04.07"]
[Round "9"]
[White "Kovchan, Alexander"]
[Black "Blesic, Vaso"]
[Result "1/2-1/2"]
[WhiteElo "2548"]
[BlackElo "2268"]
[PlyCount "82"]
[EventDate "2022.04.02"]
[EventType "schev"]
[EventRounds "9"]
[EventCountry "TUR"]
[SourceTitle "CBM 207 Extra"]
[Source "ChessBase"]
[SourceDate "2022.05.31"]
[SourceVersion "1"]
[SourceVersionDate "2022.05.31"]
[SourceQuality "1"]
[WhiteTeam "Team D"]
[BlackTeam "Team A"]
[WhiteTeamCountry "TUR"]
[BlackTeamCountry "TUR"]

1. e4 Nf6 2. e5 Nd5 3. d4 d6 4. Nf3 dxe5 5. Nxe5 c6 6. c4 Nf6 7. Nc3 Bf5 8. g4 Be6 9. f4 g6 10. Bg2 Bg7 11. 0-0 0-0 12. Be3 Nbd7 13. h3 Nxe5 14. fxe5 Ne8 15. Qe2 f6 16. d5 cxd5 17. cxd5 Bc8 18. e6 Nd6 19. Nb5 b6 20. Nxd6 Qxd6 21. Bf4 Qc5+ 22. Kh2 Qa5 23. b4 Qa4 24. b5 Bb7 25. Rac1 Rac8 26. Bc7 Bh6 27. Qc4 Qxc4 28. Rxc4 Be3 29. d6 Bxg2 30. Kxg2 exd6 31. Rc6 Bc5 32. e7 Rfe8 33. Bd8 Ra8 34. Rxf6 a6 35. a4 axb5 36. axb5 Ra2+ 37. Kg3 Rb2 38. Bxb6 Rxb5 39. Bxc5 Rxc5 40. Rfxd6 Rxc6 41. Rxc6 Rxe7 1/2-1/2

[Event "Ayvalik Liman GpA"]
[Site "Ayvalik"]
[Date "2022.04.06"]
[Round "7"]
[White "Blesic, Vaso"]
[Black "Talibov, Shiroghlan"]
[Result "1/2-1/2"]
[WhiteElo "2268"]
[BlackElo "2340"]
[PlyCount "60"]
[EventDate "2022.04.02"]
[EventType "schev"]
[EventRounds "9"]
[EventCountry "TUR"]
[SourceTitle "CBM 207 Extra"]
[Source "ChessBase"]
[SourceDate "2022.05.31"]
[SourceVersion "1"]
[SourceVersionDate "2022.05.31"]
[SourceQuality "1"]
[WhiteTeam "Team A"]
[BlackTeam "Team B"]
[WhiteTeamCountry "TUR"]
[BlackTeamCountry "TUR"]

1. e4 e5 2. Nf3 Nc6 3. Bb5 f5 4. d3 fxe4 5. dxe4 Nf6 6. 0-0 Bc5 7. Bc4 d6 8. h3 Na5 9. Bb5+ Nc6 10. Bc4 Na5 11. Bb5+ Bd7 12. Bxd7+ Qxd7 13. Nc3 0-0 14. Be3 Bxe3 15. fxe3 Nc4 16. Qe2 Qc6 17. b3 Nb6 18. Qd3 Rae8 19. Rad1 Qd7 20. a4 a5 21. Nd2 Qc6 22. Ndb1 Rf7 23. Nd5 Nbxd5 24. exd5 Qc5 25. Nc3 Ref8 26. Ne4 Nxe4 27. Qxe4 Rf4 28. Rxf4 Rxf4 29. Qd3 g6 30. Rf1 Rxf1+ 1/2-1/2

[Event "Ayvalik Liman GpA"]
[Site "Ayvalik"]
[Date "2022.04.02"]
[Round "1"]
[White "Blesic, Vaso"]
[Black "Mustafayev, Farid Farman Oglu"]
[Result "1/2-1/2"]
[WhiteElo "2268"]
[BlackElo "2311"]
[PlyCount "114"]
[EventDate "2022.04.02"]
[EventType "schev"]
[EventRounds "9"]
[EventCountry "TUR"]
[SourceTitle "CBM 207 Extra"]
[Source "ChessBase"]
[SourceDate "2022.05.31"]
[SourceVersion "1"]
[SourceVersionDate "2022.05.31"]
[SourceQuality "1"]
[WhiteTeam "Team A"]
[BlackTeam "Team B"]
[WhiteTeamCountry "TUR"]
[BlackTeamCountry "TUR"]

1. e4 c6 2. d3 d5 3. Nf3 dxe4 4. dxe4 Qxd1+ 5. Kxd1 Bg4 6. Be2 Nd7 7. Ne1 Bxe2+ 8. Kxe2 Nc5 9. f3 e5 10. Be3 Ne6 11. Nd3 Bd6 12. Nd2 Bc7 13. Nc4 Nd4+ 14. Kd2 f6 15. c3 Ne6 16. a4 0-0-0 17. Kc2 b6 18. a5 Kb7 19. axb6 axb6 20. Ra3 Ne7 21. Rha1 Nc8 22. Nb4 Bd6 23. Bxb6 Bxb4 24. Rb3 Nxb6 25. Rxb4 Ra8 26. Rxb6+ Kc7 27. Rba6 Rxa6 28. Rxa6 Kb7 29. Ra1 h5 30. h4 Rg8 31. Rd1 Kc7 32. Ne3 Nf4 33. g3 Ne6 34. b4 g5 35. Nf5 Ng7 36. Ne3 Ne6 37. hxg5 Nxg5 38. Rf1 Ra8 39. Nc4 Rh8 40. f4 Nxe4 41. fxe5 Nxg3 42. Rxf6 Rh7 43. e6 Kd8 44. Ne5 Ke7 45. Rg6 Nf5 46. Nxc6+ Kd6 47. e7+ Kd7 48. b5 Nxe7 49. Nxe7 Kxe7 50. b6 Kd7 51. c4 Rh8 52. Kd3 h4 53. c5 h3 54. c6+ Ke7 55. Rg1 h2 56. Rc1 Kd8 57. c7+ Kc8 1/2-1/2